Ganadores Red Bull Batalla Perú - Estadísticas

Estadísticas generales
  • Esta prueba ha sido intentada 78 veces
  • La puntuación promedio es 9 de 15
Estadísticas de respuestas
Hint Respuesta % Correcto
2018 Jaze
96%
2015 Jota
89%
2016 Jota
89%
2023 Jota
89%
2017 Choque
77%
2022 Choque
77%
2013 Stick
77%
2020 Stick
77%
2021 Stick
77%
2019 Litzen
57%
2014 Carlitos
34%
2008 3 Segundos
23%
2012 Hampper
23%
2007 D Negro
15%
2006 Raper One
11%
No se encontraron pruebas coincidentes
Distribución de puntuación
Porcentaje de gente con cada puntuación
Porcentaje por número respondido
Historial de tus puntuaciones
No has intentado esta prueba.